书目信息 |
| 题名: |
电影、歌剧选曲
|
|
| 作者: | ;中国音乐家协会 编 | |
| 分册: | ||
| 出版信息: | 北京 人民音乐出版社 1979.08 |
|
| 页数: | 216页 | |
| 开本: | 19cm | |
| 丛书名: | 建国三十年声乐作品选 | |
| 单 册: | ||
| 中图分类: | J642.4 | |
| 科图分类: | ||
| 主题词: | 音乐--作品--中国 | |
| 电子资源: | ||
| ISBN: | ||
| 000 | 00670nam0 2200229 45 | |
| 001 | 0312221749 | |
| 005 | 20060819170307.45 | |
| 010 | @dCNY0.50 | |
| 100 | @a20031222d1979 km y0chiy0120 ea | |
| 101 | @achi | |
| 200 | 1 | @a电影、歌剧选曲@ADian Ying、Ge Ju Xuan Qu@f中国音乐家协会编@FZhong Guo Yin Yue Jia Xie Hui Bian |
| 205 | @a增订本 | |
| 210 | @a北京@c人民音乐出版社@d1979.08 | |
| 215 | @a216页@d19cm | |
| 225 | 2 | @a建国三十年声乐作品选@h第三分册 |
| 410 | 0 | @12001 @a建国三十年声乐作品选 |
| 517 | @a增订本@AZeng Ding Ben | |
| 606 | 0 | @a音乐@x作品@x中国 |
| 690 | @aJ642.4@v3 | |
| 711 | 0 | @a中国音乐家协会@4编 |
| 801 | @aCN@bTSTCL@c20060819 | |
| 905 | @dJ642.4@e85 | |
| 电影、歌剧选曲/中国音乐家协会编.-增订本.-北京:人民音乐出版社,1979.08 |
| 216页;19cm.-(建国三十年声乐作品选.第三分册) |
| ISBN :CNY0.50 |
| ● |
| 相关链接 |
|
|
|
|
正题名:电影、歌剧选曲
索取号:J642.4/85
 
预约/预借
| 序号 | 登录号 | 条形码 | 馆藏地/架位号 | 状态 | 备注 |
| 1 | 0107345 | 001238716 | 第一借阅区/ [索取号:J642.4/85] | 在馆 | |
| 2 | 0107346 | 001532639 | 密集书库/ [索取号:J642.4/85] | 在馆 | |
| 3 | 0107347 | 001532577 | 密集书库/ [索取号:J642.4/85] | 在馆 | |
| 4 | 0107348 | 001532586 | 密集书库/ [索取号:J642.4/85] | 在馆 | |
| 5 | 0107350 | 001532611 | 密集书库/ [索取号:J642.4/85] | 在馆 | |
| 6 | 0107351 | 202333518 | 密集书库/ [索取号:J642.4/85] | 在馆 | |
| 7 | 0107352 | 001532620 | 密集书库/ [索取号:J642.4/85] | 在馆 | |
| 8 | 0107353 | 000494450 | 第一样本阅览室/ [索取号:J642.4/85] | 在馆 | |
| 9 | 0466991 | 204669910 | 密集书库/ [索取号:J642.4/85] | 在馆 |